Регионална библиотека "Любен Каравелов" - Русе

Herr Paul (Запис номер 46661)

MARC детайли
000 -Лидер
Контролно поле с фиксирана дължина 00835nam a2200289 c 4500
003 - Код на организацията, давaща контролен номер
Контролно поле BLK
005 - Дата и час на последна редакция
Контролно поле 20180420221740.0
008 - Елементи от данни с фиксирана дължина
fixed length control field 180408b bul|||||r ||||||| ||bul||
010 ## - Наследен системен номер
LC control number KNG00050467000
020 ## - Международен стандартен номер на книга ISBN
Международен стандартен номер на книга ISBN 30518-49547-0
-- издат.: Suhrkamp
040 ## - Източник на каталожния запис
Идентификатор на билиотеката - собственик на записа BLK
041 ## - Код за език
Код за езика на текст/звукозапис или на отделно заглавие Немски
Код за езика КДБФ Немски
080 ## - УДК
Текстов определител УДК Немска литература
УДК код - определител по УДК 821.112.2
УДК определител -2
УДК - код + определител 821.112.2-2
100 1# - Редна дума - Автор
Автор Dorst, Tankred
Авторска отговорност първи автор
R(LIN) 8926
139 ## - Редно поле
Редна дума Dorst, Tankred
Авторски знак Dor - D 74
245 10 - Сведения за заглавието
Заглавие Herr Paul
Подзаглавни данни Ein Stuck
Редно поле (дума) Tankred Dorst.
250 ## - Област на изданието
Сведения за изданието 2. Aufl
257 ## - Страна на издаване
Страна на създаване/издаване Германия
260 ## - Област на издателските данни
-- Frankfurt am Main
Име на издателя, разпространителя и проч. Suhrkamp
Година на издаване 1994
300 ## - Физическа характеристика
Страници 86 c
Размери/Мащаб 20 cm
380 ## - Жанр
Жанр Худож. лит.
852 ## - Местоположение
Форматна сигнатура Цб 186621
856 4# - Електронен адрес и достъп
Електронен формат pdf - файл
Път до файла /url/
856 4# - Електронен адрес и достъп
Електронен формат pdf - файл
Път до файла /url/
942 ## - АРТИКУЛИ
Вид на библиотечния материал Книги
Скрит в OPAC Не
944 ## - СЪЗДАВАНЕ И РЕДАКЦИЯ на ЗАПИСА
Създаване/Редакция Създаване
Дата на регистрацията/редакция 01.01.1999
Служител, извършил регистрацията/редакцията Теодора_Стоянова
944 ## - СЪЗДАВАНЕ И РЕДАКЦИЯ на ЗАПИСА
Създаване/Редакция Редакция
Дата на регистрацията/редакция 23.01.2017
Служител, извършил регистрацията/редакцията Сечил_Томаш
999 ## - СИСТЕМНИ КОНТРОЛНИ НОМЕРА
Koha biblionumber 46661
Koha biblioitemnumber 46661
Наличности
Код за отписване Код за изгубен артикул Източник на класификационната схема Код за повреда Коз за рестрикции Код за отдаване Артикулен № Име на библиотеката - собственик Име на библиотеката, в която се намира в момента Статус (Текущо местоположение) Дата на вписване в системата Местоположение - отдел Цена в лева Инвентарен номер Систематично азбучна сигнатура Баркод Номер на екземпляра Цена в евро Служебна бележка Служебен тип на артикула
  Не е изгубен Universal Decimal Classification Не е повреден без рестрикции заемане за дома 73558 Регионална библиотека "Любен Каравелов" Русе Регионална библиотека "Любен Каравелов" Русе ЧЧЗО - нем. ез. - Гьоте инст. 2002-01-01 ЧЧЗО - нем. ез. - Гьоте инст. 10.00 120000903116 Ч5 Ч830-2/D74T 120000903116 1 5.11 Дост: Da Книги
Vip Innovations Ltd, Rousse, Bulgaria 2025